000 00382nam a22001697a 4500
003 NUST - PNEC
005 20170116181011.0
008 150913b xxu||||| |||| 00| 0 eng d
020 _a-
040 _cLIBRARY
082 _a005.133 TUR
100 _910198
_aTurbo
245 _aTurbo prolog
_cTurbo
260 _cc.1986
650 _910201
_aTurbo prolog
_yMIS
942 _2ddc
_cBK
999 _c67105
_d67105